LEADER 01856oam 2200517zu 450 001 9910375828403321 005 20210807002027.0 035 $a(CKB)3170000000002149 035 $a(SSID)ssj0000752908 035 $a(PQKBManifestationID)12317367 035 $a(PQKBTitleCode)TC0000752908 035 $a(PQKBWorkID)10787671 035 $a(PQKB)11565421 035 $a(Association for Computing Machinery)10.1145/860854 035 $a(EXLCZ)993170000000002149 100 $a20160829d2003 uy 101 0 $aeng 135 $aurnn|008mam|a 181 $ctxt 182 $cc 183 $acr 200 10$aISSAC 2003 : proceedings of the 2003 International Symposium on Symbolic and Algebraic Computation : August 3-6, 2003, Philadelphia, PA 210 31$a[Place of publication not identified]$cACM Press$d2003 215 $a1 online resource (284 p.;) 225 1 $aACM Conferences 300 $aBibliographic Level Mode of Issuance: Monograph 311 $a1-58113-641-2 410 0$aACM Conferences 517 3 $aISSAC '03 606 $aMathematics$xData processing$vCongresses 606 $aAlgebra$xData processing$vCongresses 606 $aEngineering & Applied Sciences$2HILCC 606 $aComputer Science$2HILCC 615 0$aMathematics$xData processing 615 0$aAlgebra$xData processing 615 7$aEngineering & Applied Sciences 615 7$aComputer Science 676 $a005 700 $aHong$b Hoon$0976049 712 02$aAssociation for Computing Machinery-Digital Library. 712 12$aInternational Symposium on Symbolic and Algebraic Computation 801 0$bPQKB 906 $aBOOK 912 $a9910375828403321 996 $aISSAC 2003 : proceedings of the 2003 International Symposium on Symbolic and Algebraic Computation : August 3-6, 2003, Philadelphia, PA$92222786 997 $aUNINA